000 01049cam a22001934a 4500
005 20250605164055.0
008 250528s ||||||||||||||||||||||||d
035 _a17443
040 _aGR-AtMCL
_bgre
_dGR-AtMCL
_eAACR2
245 1 _aΓραμμική Θεωρία Ελαστικής Ευστάθειας / Β' έκδοση
250 _a
260 _bΣυμεών,
_c1997
300 _a232
520 _aΠρόλογος, Εισαγωγή, Καμπτικός Λυγισμός Ευθύγραμμων Ράβδων, Η Επιρροή των Συνοριακών Συνθηκών, Λυγισμός Απλών Φορέων, Σύγχρονη Αξονική και Καμπτική Ένταση, Η Μέθοδος Ακαμψίας με Σύγχρονη Επιρροή Αξονικών Δυνάμεων, Στρεπτικός και Στρεπτοκαμπτικός Λυγισμός Αξονικώς Θλιβόμενων Ράβδων.
700 1 _aΚουνάδης Αντώνιος Ν
_93595
942 _cBK
999 _c2861
_d2861